World History Geography (mountains) - Statistics

General Stats
  • This quiz has been taken 1,105 times
  • The average score is 7 of 12
Answer Stats
Hint Answer % Correct
Mts North of Italy and making up most of Modern day Switzerland Alps
95%
Mts located along Western South America (Think Macchu Picchu) Andes
86%
Largest Mts range in the World Himalayas
83%
Mts between Northern Spain and Southern France Pyrenees
76%
Mts containing the Volga River and are north of Caspian Sea Ural
76%
Mts south of the Strait of Gibraltar Atlas
73%
Mts in North America, not by the 13 colonies Rocky
65%
Mts located between the Caspian and Black Seas Caucasus
52%
Mts containing the Khyber Pass Hindu Kush
30%
Mts running through Eastern Italy Apennines
27%
Mts East of the Tigris and Euphrates rivers also North of Persian Gulf Zagros
15%
Mts located in Asia Minor Taurus
13%
No matching quizzes found
Score Distribution
Percent of People with Each Score
Percentile by Number Answered
Your Score History
You have not taken this quiz